000 01603nam a2200397Ia 4500
001 ACD-2476
008 910425s1987 dcua b f00010 eng d
005 20200129130613.0
010 _o23602389
037 _aED 288529
_bERIC
043 _an-us---
074 _a0466-A-03 (MF)
086 0 _aED 1.310/2:288529
088 _aLP 87-403 c
049 _aDRUG
100 1 0 _aSeager, Andrew J.
245 1 0 _aCheck this out :
_blibrary program models /
_cprepared by Andrew J. Seager, Sarah J. Roberts, Carol Z. Lincoln ; prepared for National Diffusion Network under contract to RMC Corporation, contract 300-84-0251 with the United States Department of Education.
260 0 _aWashington, D.C. :
_bOffice of Educational Research and Improvement, U.S. Dept. of Education,
_c[1987]
300 _aix, 319 p. :
_bill. ;
_c28 cm.
500 _aDistributed to depository libraries in microfiche.
500 _a"July 1987."
504 _aIncludes bibliographical references.
500 _a"LP 87-403c."
650 0 _aLibraries and community
_zUnited States.
650 0 _aLibraries and education
_zUnited States.
650 0 _aSchool libraries
_zUnited States.
650 0 _aInstructional materials centers
_zUnited States.
650 0 _aPublic libraries
_zUnited States.
700 1 0 _aRoberts, Sarah J.
_q(Sarah Jane),
_d1946-
700 1 0 _aLincoln, Carol Zall.
710 1 0 _aUnited States.
_bNational Diffusion Network.
710 2 0 _aRMC Research Corporation.
710 1 0 _aUnited States.
_bOffice of Educational Research and Improvement.
740 0 1 _aLibrary program models.
999 _c364
_d364
942 _cMX